|
|
|
|
| LEADER |
006410000a22002050004500 |
| 015 |
|
|
|a M
|
| 020 |
|
|
|a 0-521-32227-8
|
| 041 |
|
|
|a eng
|
| 082 |
|
|
|a 331.127 91 M8
|
| 100 |
|
|
|a Sassen, Saskia
|
| 245 |
|
|
|a The mobility of labour and capital: a study in international investment and labour flow
|
| 260 |
|
|
|a New York, Cambridge university press
|
| 260 |
|
|
|c 1988
|
| 650 |
|
|
|a Alien labour
|
| 650 |
|
|
|a Capital movements
|
| 650 |
|
|
|a Foreign
|
| 650 |
|
|
|a Investments
|
| 942 |
|
|
|c BK
|
| 999 |
|
|
|c 137290
|d 137286
|
| 952 |
|
|
|0 0
|1 0
|4 0
|6 331_127000000000000_91_M8
|7 0
|9 136072
|a SIRP
|b SIRP
|d 2017-10-05
|l 0
|o 331.127 91 M8
|p SIRP02068
|r 2017-10-05
|w 2017-10-05
|y BK
|